000 03957cam a22012254i 4500
003 PE-LiUPU
005 20250813185717.0
008 241212b |||||||| |||| 00| 0 spa d
040 _aPE-LiUPU
_bspa
_cPE-LiUPU
_erda
_dPE-LiUPU
049 _aPRUA
082 0 4 _a333.9185
_bA939t
_223
110 _aAutoridad Nacional del Agua (Perú),
_eautor.
_94817
245 0 0 _aTercera medición nacional del indicador ODS 6.5.1 :
_bgrado de implementación de la gestión integrada de los recursos hídricos en el Perú 2023 /
_cAutoridad Nacional del Agua.
250 _aPrimera edición.
264 1 _aLima :
_bMinisterio de Agricultura y Riego,
_c2023.
300 _a107 páginas :
_bilustraciones ;
_c30 centímetros.
336 _atext
_2rdacontent
337 _aunmediated
_2rdamedia
338 _avolume
_2rdacarrier
500 _aEntorno propicio. Instituciones y participación. Instrumentos de gestión. Financiamiento. Conclusiones y recomendaciones. Anexos
504 _aIncluye referencias bibliográficas.
505 _aEl ODS 6 - metas e indicadores -- Estructura del indicador 6.5.1 grado de implementación de la GIRH -- Metodología aplicada en la encuesta -- Resultados nacionales del grado de implementación de la GIRH en el Perú. -- Entorno propicio -- Instituciones y participación -- Instrumentos de gestión -- Financiamiento -- Conclusiones y recomendaciones.
520 _aEste libro trata sobre la tercera vez que la Autoridad Nacional del Agua aplica la Encuesta del Grado de Implementación de la Gestión Integrada de los Recursos Hídricos (GIRH) en el Perú, sus resultados y recomendaciones, como parte de su función y para cumplir con el Objetivo 6 del desarrollo sostenible: "Garantizar la disponibilidad de agua y su gestión sostenible y el saneamiento para todos", planteado por la Organización de las Naciones Unidas.
526 _aP202
526 _aP201
526 _aP163
526 _aP162
526 _aP161
526 _aP160
526 _aP148
526 _aP147
526 _aP146
526 _aP145
526 _aP144
526 _aP143
526 _aP142
526 _aP141
526 _aP140
526 _aP139
526 _aP138
526 _aP137
526 _aP136
526 _aP135
526 _aP134
526 _aP133
526 _aP129
526 _aP128
526 _aP127
526 _aP120
526 _aP119
526 _aP118
526 _aP116
526 _aP115
526 _aP114
526 _aP110
526 _aP109
526 _aP108
526 _aP104
526 _aP103
526 _aP102
526 _aP99
526 _aP98
526 _aP97
526 _aP96
526 _aP95
526 _aP93
526 _aP90
526 _aP89
526 _aP88
526 _aP83
526 _aP82
526 _aP62
526 _aP59
526 _aP58
526 _aP57
526 _aP51
526 _aP49
526 _aP48
526 _aP47
526 _aP29
526 _aP24
526 _aP20
526 _aP19
526 _aP17
526 _aP15
526 _aP14
526 _aP12
526 _aP10
526 _aP09
526 _aP08
526 _aP07
526 _aP06
526 _aP05
526 _aP04
526 _aP01
610 1 4 _aMillennium Development Goals.
_94818
650 2 4 _aRecursos hidrológicos
_xPolítica gubernamental
_zPerú.
_94819
650 2 0 _aRecursos hidrológicos
_zPerú
_xAdministración.
_94820
650 2 4 _aIndicadores sociales.
_94821
710 _aPerú.
_bMinisterio de Desarrollo Agrario y Riego,
_eentidad editora.
_94822
942 _2ddc
_cBK
980 _618226
_aJaime Vilcazán Jefe de Análisis Documental
_81
_gALBERTO SANCHEZ Responsable de Automatización
999 _c62761
_d62760